| 000 | 00467cam a22001934a 4500 | ||
|---|---|---|---|
| 005 | 20250605164301.0 | ||
| 008 | 250528s ||||||||||||||||||||||||d | ||
| 035 | _a22063 | ||
| 020 | _a9781412911467 | ||
| 040 |
_aGR-AtMCL _bgre _dGR-AtMCL _eAACR2 |
||
| 245 | 1 | _aAN INTRODUCTION TO QUALITATIVE RESEARCH | |
| 250 | _a3 | ||
| 260 |
_bSage Publications, _c2006 |
||
| 300 | _a443 | ||
| 700 | 1 |
_aFlick Uwe _93652 |
|
| 942 | _cBK | ||
| 999 |
_c7119 _d7119 |
||